UBT Library

Goodman and Gilman's The pharmacological basis of therapeutics / (Record no. 892)

000 -LEADER
fixed length control field 00815nam a22002297a 4500
008 - FIXED-LENGTH DATA ELEMENTS--GENERAL INFORMATION
fixed length control field 150521b xxu||||| |||| 00| 0 eng d
020 ## - INTERNATIONAL STANDARD BOOK NUMBER
International Standard Book Number 0023447206
050 ## -
-- eng
080 ## - UNIVERSAL DECIMAL CLASSIFICATION NUMBER
Universal Decimal Classification number 615.1
100 1# - Rafti
Rafti Goodman, Louis S.
100 1# - Rafti
-- 1906-2000.
240 10 - UNIFORM TITLE
Uniform title <a href="Pharmacological basis of therapeutics">Pharmacological basis of therapeutics</a>
245 10 - TITLE STATEMENT
Title Goodman and Gilman's The pharmacological basis of therapeutics /
Statement of responsibility, etc [editors, Alfred Goodman Gilman, Louis S. Goodman, Alfred Gilman, associate editors, Steven E. Mayer, Kenneth L. Melmon].
250 ## -
-- 6th ed.
260 ## -
-- New York :
-- Macmillan,
-- c1980.
300 ## -
-- 1843 f. :
-- me il. ;
-- 26 cm.
650 #0 -
-- Farmakologji
650 #0 -
-- Kemoterapi
650 #2 -
-- Terapi me barna
700 1# -
-- Gilman, Alfred Goodman,
-- 1941-,
-- editor.
700 1# -
-- Gilman, Alfred,
-- 1908-1984,
-- editor.
942 ## - ADDED ENTRY ELEMENTS (KOHA)
Source of classification or shelving scheme
Item type Books
Holdings
Withdrawn status Lost status Source of classification or shelving scheme Damaged status Not for loan Collection code Permanent location Current location Shelving location Date acquired Total Checkouts Full call number Date last seen Price effective from Koha item type
          Koleksioni i përgjithshem UBT - Lipjan UBT - Lipjan Koleksioni i përgjithshem 05/21/2015   615.1 GOO 05/21/2015 05/21/2015 Books
UBT Library © 2015-2024. All rights reserved University Education for Business and Technology